000 00909nam a22002537a 4500
003 UA-OsUOA
001 108566
007 ta
008 20141029b un ||||| |||| 00| 0 ukr d
100 _aАртеменко А. П.
700 _aБобловський О. Ю.
090 _a130.2
_bА86
942 _cBK
040 _aUA-OsUOA
_bukr
_cUA-OsUOA
_dUA-OsUOA
245 _aВід глобалізації до індивідуалізації: топологія міжкультурної взаємодії
_bмонографія
300 _a216 с.
955 _a1
041 _aukr
080 _a130.2
020 _a978-617-7188-96-3
260 _aХарків
_bТОВ "Щедра садиба плюс"
_c2014
650 7 _a21 Природна теологія. Теодицея (Бог). Раціональна теологія Релігійна філософія
_2UDC
999 _c394451
_d394451